01329nam0a22002411 4500001001500000005001700015035002600032100004100058101001300099102000700112105001800119200055900137205001700696210006700713215002100780300006000801700005300861702008500914801001800999801002701017852002201044852002101066v19\rc\167710820250619015411.0 a(NLR Aleph) 004783662 a20061002d1894 |||y0rusy50 ca1 arusclat aRU ay z |||||1 aЭтика, изложенная геометрическим методом и разделенная на пять частей, в коих рассуждаетсяfПер. с лат. под ред. [и с предисл.] проф. В.И. МодестоваhIiО богеhIIiО природе и начале душиhIIIiО начале и природе аффектовhIViО рабстве человеческом или о силе аффектовhViО власти разума или о человеческой свободе a3-е изд. aСанкт-ПетербургcЛ.Ф. Пантелеевd1894 a[4], 327 с.d23 aПеред загл.: Бенедикта Спинозы 1aСпинозаbБ.f1632-1677gБенедикт 1aМодестовbВ.И.f1839-1907gВасилий Иванович43404080 0aRUbNLRgpsbo 1aRUbProSoft-M2rusmarc aNLRjФ30/Б-5/10 aNLRj18.284.6.19